000 00530nam a2200181Ia 4500
001 19363
005 20260306172647.0
008 260306t2009||||xx |||||||||||||| ||spa||
041 _aESP
082 _a658.84
_bV34
100 _aVázquez Casielles, Rodolfo
_eAUT
245 0 _aEstrategias de distribución comercial:
_bdiseño de canal de distribución y relación entre fabricantes y detallistas
260 _c2009
300 _axvii, 496 páginas :
_c24 cm.
650 _aGEN
654 _aCAN
942 _cLIB
_dJUS
_fJUS
_2ddc
_n
999 _c19363
_d19363